Statistics for Cross Flags of Europe

Click here to take the quiz!

General Stats

  • This quiz has been taken 41,128 times
  • The average score is 7 of 9

Answer Stats

Country % Correct
Sweden
96%
Norway
94%
Finland
93%
Denmark
92%
Iceland
83%
United Kingdom
82%
Switzerland
70%
Greece
58%
Malta
53%

Score Distribution

Percentile by Number Answered

Percent of People with Each Score

Your Score History

You have not taken this quiz